[Event "Internet Section 11B g/8'+2\""]
[Site "Dos Hermanas"]
[Date "2004.03.11"]
[Round "6"]
[White "Mahia, Gustavo"]
[Black "Delgado Ramirez, Neuris"]
[Result "0-1"]
[WhiteElo "2377"]
[BlackElo "2541"]
[PlyCount "98"]
[EventDate "2004.03.11"]
[EventType "swiss (blitz)"]
[EventRounds "9"]
[EventCountry "ESP"]
[SourceTitle "EXT 2005"]
[Source "ChessBase"]
[SourceDate "2004.11.15"]
[SourceVersion "1"]
[SourceVersionDate "2004.11.15"]
[SourceQuality "1"]

1. d4 Nf6 2. c4 e6 3. Nc3 Bb4 4. e3 Bxc3+ 5. bxc3 c5 6. Bd3 d6 7. e4 e5 8. Ne2
Nc6 9. O-O h6 10. f3 b6 11. Be3 Qc7 12. Nc1 g5 13. Nb3 Rg8 14. a4 a5 15. Kf2
Bd7 16. Rh1 O-O-O 17. Qe2 Rg6 18. Qb2 g4 19. f4 exf4 20. Bxf4 Nh5 21. Be3 Rdg8
22. g3 f5 23. exf5 Rf6 24. Kg2 Ne7 25. Rhf1 Nxf5 26. Bd2 Rgf8 27. Rae1 Bxa4 28.
Nc1 Bd7 29. Ne2 Nfg7 30. Bxh6 Rxf1 31. Rxf1 Rxf1 32. Kxf1 a4 33. Be4 Bf5 34.
Qc2 Qf7 35. Kg1 Qe6 36. Bxf5 Nxf5 37. Bc1 Ne7 38. d5 Qe5 39. Bf4 Nxf4 40. Nxf4
Qe3+ 41. Kg2 a3 42. Qa4 Nf5 43. Qc6+ Kd8 44. Ne6+ Ke7 45. Qc7+ Kf6 46. Qd8+ Ke5
47. Qh8+ Ke4 48. Qh7 Qd2+ 49. Kg1 a2 0-1

[Event "Internet Section 11B g/8'+2\""]
[Site "Dos Hermanas"]
[Date "2004.03.12"]
[Round "8"]
[White "Kogan, Artur"]
[Black "Delgado Ramirez, Neuris"]
[Result "1-0"]
[WhiteElo "2543"]
[BlackElo "2541"]
[PlyCount "79"]
[EventDate "2004.03.11"]
[EventType "swiss (blitz)"]
[EventRounds "9"]
[EventCountry "ESP"]
[SourceTitle "EXT 2005"]
[Source "ChessBase"]
[SourceDate "2004.11.15"]
[SourceVersion "1"]
[SourceVersionDate "2004.11.15"]
[SourceQuality "1"]

1. e4 c5 2. Nf3 d6 3. Nc3 a6 4. g3 Nc6 5. Bg2 Nf6 6. d4 cxd4 7. Nxd4 Bd7 8. O-O
e6 9. Be3 Be7 10. f4 Qc7 11. Qe2 Rc8 12. Rae1 O-O 13. Nb3 b5 14. a3 b4 15. axb4
Nxb4 16. Ra1 Bc6 17. Nd4 Bb7 18. Rfd1 Rfd8 19. Rd2 d5 20. e5 Ne4 21. Nxe4 dxe4
22. Rad1 Nd5 23. Bxe4 Nc3 24. Bxh7+ Kxh7 25. bxc3 Qxc3 26. f5 Kg8 27. f6 Bf8
28. fxg7 Bxg7 29. Bg5 Qc5 30. Bxd8 Rxd8 31. Kf1 Qc8 32. Nf5 Re8 33. Nxg7 Qc6
34. Nxe8 Qh1+ 35. Kf2 Qxh2+ 36. Ke3 Qxg3+ 37. Kd4 Qf4+ 38. Kc5 f5 39. Rd8 Bf3
40. R1d7 1-0

[Event "CUB-ch op"]
[Site "Havana"]
[Date "2004.04.20"]
[Round "1"]
[White "Delgado Ramirez, Neuris"]
[Black "Gongora Reyes, Maikel"]
[Result "1-0"]
[WhiteElo "2557"]
[BlackElo "2422"]
[PlyCount "73"]
[EventDate "2004.04.20"]
[EventType "swiss"]
[EventRounds "9"]
[EventCountry "CUB"]
[SourceTitle "CBM 100 Extra"]
[Source "ChessBase"]
[SourceDate "2004.07.06"]
[SourceVersion "2"]
[SourceVersionDate "2004.07.06"]
[SourceQuality "1"]

1. e4 c5 2. Nf3 Nc6 3. Bb5 e6 4. O-O Nge7 5. c3 a6 6. Be2 d5 7. exd5 exd5 8. d4
c4 9. b3 cxb3 10. axb3 g6 11. b4 Bf5 12. Nbd2 Bg7 13. Nb3 O-O 14. Bf4 h6 15.
Nc5 Qb6 16. Nh4 Bc8 17. b5 Na5 18. bxa6 bxa6 19. Qa4 Nc4 20. Nf3 g5 21. Bg3 Nd6
22. Ne5 Ne4 23. Nxe4 dxe4 24. Nc4 Qd8 25. Bd6 Be6 26. Qa3 Re8 27. Ne3 Nf5 28.
Nxf5 Bxf5 29. Rad1 Qd7 30. c4 a5 31. d5 Bg4 32. Bxg4 Qxg4 33. c5 a4 34. c6 Ra6
35. Be7 e3 36. Qxe3 Bf8 37. Qd3 1-0

[Event "CUB-ch op"]
[Site "Havana"]
[Date "2004.04.21"]
[Round "2"]
[White "De la Paz Perdomo, Frank"]
[Black "Delgado Ramirez, Neuris"]
[Result "1-0"]
[WhiteElo "2449"]
[BlackElo "2557"]
[PlyCount "120"]
[EventDate "2004.04.20"]
[EventType "swiss"]
[EventRounds "9"]
[EventCountry "CUB"]
[SourceTitle "CBM 100 Extra"]
[Source "ChessBase"]
[SourceDate "2004.07.06"]
[SourceVersion "2"]
[SourceVersionDate "2004.07.06"]
[SourceQuality "1"]

1. e4 c5 2. Nf3 d6 3. d4 cxd4 4. Nxd4 Nf6 5. Nc3 a6 6. Be3 e5 7. Nb3 Be7 8. f3
O-O 9. Qd2 Be6 10. O-O-O Qc7 11. g4 Rc8 12. g5 Nh5 13. Kb1 Nd7 14. Qf2 Qd8 15.
h4 Rxc3 16. bxc3 Qc7 17. c4 a5 18. Rh2 a4 19. Nc1 Rc8 20. Qd2 Bxc4 21. Bxc4
Qxc4 22. Nd3 Bf8 23. Qb4 Qa6 24. Qb2 Qc4 25. Nb4 Ng3 26. Rg2 Nh5 27. a3 Nf4 28.
Rgd2 Qe6 29. Rh1 Nh5 30. Qa2 Ng3 31. Qxe6 fxe6 32. Rg1 Nh5 33. c4 Be7 34. Nd3
Rf8 35. Rf2 b6 36. Ka2 Rc8 37. Rc1 Bd8 38. Rb2 Ra8 39. Rb4 Bc7 40. Re1 Nc5 41.
Nb2 Ra5 42. Bxc5 Rxc5 43. Rxa4 Nf4 44. Ra8+ Kf7 45. Rc8 Kg6 46. Kb3 d5 47. cxd5
exd5 48. Na4 Rb5+ 49. Ka2 Ra5 50. Rxc7 Rxa4 51. h5+ Kxg5 52. exd5 Kf6 53. Rd1
Nxh5 54. d6 Ra8 55. d7 Rd8 56. Rc8 Ke7 57. Rxd8 Kxd8 58. Rd6 Nf6 59. Rxb6 Nxd7
60. Re6 h5 1-0

[Event "CUB-ch op"]
[Site "Havana"]
[Date "2004.04.22"]
[Round "3"]
[White "Delgado Ramirez, Neuris"]
[Black "Almeida Quintana, Omar"]
[Result "1/2-1/2"]
[WhiteElo "2557"]
[BlackElo "2426"]
[PlyCount "29"]
[EventDate "2004.04.20"]
[EventType "swiss"]
[EventRounds "9"]
[EventCountry "CUB"]
[SourceTitle "CBM 100 Extra"]
[Source "ChessBase"]
[SourceDate "2004.07.06"]
[SourceVersion "2"]
[SourceVersionDate "2004.07.06"]
[SourceQuality "1"]

1. d4 f5 2. Nc3 Nf6 3. Nf3 g6 4. Bg5 Bg7 5. Bxf6 Bxf6 6. e4 fxe4 7. Nxe4 Bg7 8.
Bd3 d5 9. Ng3 c5 10. dxc5 Bxb2 11. Rb1 Bc3+ 12. Nd2 O-O 13. O-O Nc6 14. Nb3 a6
15. Qe2 1/2-1/2

[Event "CUB-ch op"]
[Site "Havana"]
[Date "2004.04.23"]
[Round "4"]
[White "Prasca Sosa, Raphael Felipe"]
[Black "Delgado Ramirez, Neuris"]
[Result "0-1"]
[WhiteElo "2362"]
[BlackElo "2557"]
[PlyCount "142"]
[EventDate "2004.04.20"]
[EventType "swiss"]
[EventRounds "9"]
[EventCountry "CUB"]
[SourceTitle "CBM 100 Extra"]
[Source "ChessBase"]
[SourceDate "2004.07.06"]
[SourceVersion "2"]
[SourceVersionDate "2004.07.06"]
[SourceQuality "1"]

1. e4 c5 2. Nf3 d6 3. Bb5+ Nc6 4. O-O Bd7 5. c3 a6 6. Bxc6 Bxc6 7. Re1 g6 8. d4
Bg7 9. d5 Bd7 10. e5 dxe5 11. Nxe5 Nf6 12. Qb3 b5 13. a4 c4 14. Qd1 O-O 15.
axb5 Bxb5 16. Nc6 Bxc6 17. dxc6 Qc7 18. Qf3 Rfc8 19. Ra4 Qxc6 20. Qxc6 Rxc6 21.
Na3 Nd5 22. Rxc4 Rb6 23. Ra4 Rc8 24. Kf1 e6 25. Nc4 Rbb8 26. Ne5 Rb6 27. Nd3
Rd6 28. Nb4 Nxc3 29. bxc3 Bxc3 30. Be3 Rc4 31. Rxa6 Bxb4 32. Rxd6 Bxd6 33. Rc1
Rh4 34. h3 Kg7 35. Rc6 Be5 36. Rc5 Bf6 37. Bg5 Bxg5 38. Rxg5 h5 39. Rb5 Rc4 40.
Ke2 h4 41. Ra5 Kf6 42. Ra7 e5 43. Ke3 Ke6 44. Ra6+ Kf5 45. Ra7 f6 46. Ra6 g5
47. Rb6 Rc3+ 48. Ke2 e4 49. Rb5+ Kf4 50. Rb1 f5 51. Ra1 Rc4 52. Rb1 Rc5 53. Ra1
Ke5 54. Rb1 Ra5 55. Rc1 f4 56. Rb1 Rc5 57. Ra1 Kf5 58. Rb1 Ke5 59. Ra1 Rc2+ 60.
Ke1 Kd4 61. Rd1+ Ke5 62. Ra1 e3 63. Ra5+ Kf6 64. Ra6+ Kf5 65. Ra5+ Kg6 66. Ra6+
Kh5 67. fxe3 fxe3 68. Kf1 Rc1+ 69. Ke2 Rg1 70. g4+ hxg3 71. Kxe3 Rf1 0-1

[Event "Capablanca Memorial Elite 39th"]
[Site "Havana"]
[Date "2004.05.06"]
[Round "1"]
[White "Luther, Thomas"]
[Black "Delgado Ramirez, Neuris"]
[Result "1/2-1/2"]
[WhiteElo "2577"]
[BlackElo "2557"]
[PlyCount "38"]
[EventDate "2004.05.06"]
[EventType "tourn"]
[EventRounds "11"]
[EventCountry "CUB"]
[EventCategory "13"]
[SourceTitle "CBM 101"]
[Source "ChessBase"]
[SourceDate "2004.07.27"]
[SourceVersion "1"]
[SourceVersionDate "2004.07.27"]
[SourceQuality "1"]

1. e4 c5 2. Nf3 d6 3. d4 cxd4 4. Nxd4 Nf6 5. Nc3 a6 6. Bg5 e6 7. f4 h6 8. Bh4
Nbd7 9. Qf3 e5 10. fxe5 Nxe5 11. Qe2 Be7 12. O-O-O Bg4 13. Nf3 Rc8 14. h3 Bxf3
15. gxf3 Rxc3 16. bxc3 Qa5 17. f4 Qxc3 18. Be1 Qa1+ 19. Kd2 Qd4+ 1/2-1/2

[Event "Capablanca Memorial Elite 39th"]
[Site "Havana"]
[Date "2004.05.07"]
[Round "2"]
[White "Delgado Ramirez, Neuris"]
[Black "Bruzon Batista, Lazaro"]
[Result "1/2-1/2"]
[WhiteElo "2557"]
[BlackElo "2602"]
[PlyCount "20"]
[EventDate "2004.05.06"]
[EventType "tourn"]
[EventRounds "11"]
[EventCountry "CUB"]
[EventCategory "13"]
[SourceTitle "CBM 101"]
[Source "ChessBase"]
[SourceDate "2004.07.27"]
[SourceVersion "1"]
[SourceVersionDate "2004.07.27"]
[SourceQuality "1"]

1. e4 c5 2. Nf3 d6 3. Bb5+ Bd7 4. Qe2 Bxb5 5. Qxb5+ Qd7 6. Qxd7+ Nxd7 7. Nc3 a6
8. d3 Ngf6 9. Bf4 e6 10. h3 Be7 1/2-1/2

[Event "Capablanca Memorial Elite 39th"]
[Site "Havana"]
[Date "2004.05.08"]
[Round "3"]
[White "Dominguez Perez, Leinier"]
[Black "Delgado Ramirez, Neuris"]
[Result "1/2-1/2"]
[WhiteElo "2612"]
[BlackElo "2557"]
[PlyCount "81"]
[EventDate "2004.05.06"]
[EventType "tourn"]
[EventRounds "11"]
[EventCountry "CUB"]
[EventCategory "13"]
[SourceTitle "CBM 101"]
[Source "ChessBase"]
[SourceDate "2004.07.27"]
[SourceVersion "1"]
[SourceVersionDate "2004.07.27"]
[SourceQuality "1"]

1. e4 c5 2. Nf3 d6 3. d4 cxd4 4. Nxd4 Nf6 5. Nc3 a6 6. Rg1 e5 7. Nb3 Be6 8. g4
d5 9. exd5 Nxd5 10. Nxd5 Qxd5 11. Be3 Qxd1+ 12. Rxd1 Nd7 13. Bg2 O-O-O 14. a3
b6 15. Bd5 Bxd5 16. Rxd5 Be7 17. Ke2 f6 18. c4 Kc7 19. Rgd1 Nb8 20. Nd2 h5 21.
h3 hxg4 22. hxg4 Nc6 23. Ne4 g6 24. Nc3 f5 25. gxf5 gxf5 26. Na4 Nd4+ 27. Bxd4
exd4 28. R5xd4 Rde8 29. Kf3 Rh3+ 30. Kg2 Rh4 31. Rxh4 Bxh4 32. Nc3 Kc6 33. b3
Be7 34. b4 Rg8+ 35. Kf3 Rg4 36. b5+ axb5 37. cxb5+ Kc5 38. Rd7 Bd6 39. Rf7 Rf4+
40. Ke3 Kc4 41. Ne2 1/2-1/2

[Event "Capablanca Memorial Elite 39th"]
[Site "Havana"]
[Date "2004.05.10"]
[Round "4"]
[White "Delgado Ramirez, Neuris"]
[Black "Morovic Fernandez, Ivan"]
[Result "1/2-1/2"]
[WhiteElo "2557"]
[BlackElo "2583"]
[PlyCount "110"]
[EventDate "2004.05.06"]
[EventType "tourn"]
[EventRounds "11"]
[EventCountry "CUB"]
[EventCategory "13"]
[SourceTitle "CBM 101"]
[Source "ChessBase"]
[SourceDate "2004.07.27"]
[SourceVersion "1"]
[SourceVersionDate "2004.07.27"]
[SourceQuality "1"]

1. e4 e5 2. Nf3 Nc6 3. Bb5 a6 4. Ba4 Nf6 5. O-O Be7 6. Bxc6 dxc6 7. Qe1 Be6 8.
b3 Nd7 9. Bb2 f6 10. d4 Bd6 11. Nbd2 c5 12. dxe5 fxe5 13. Qe3 Qe7 14. Qd3 b5
15. a4 Rb8 16. axb5 axb5 17. Bc3 O-O 18. Ra5 b4 19. Bb2 Bg4 20. Ne1 Nb6 21. Nc4
Nxc4 22. Qxc4+ Be6 23. Qe2 Ra8 24. Rxa8 Rxa8 25. Nf3 Bf7 26. Nd2 Ra2 27. Ra1
Rxa1+ 28. Bxa1 Qe8 29. Bb2 Qa8 30. Qd1 Bg6 31. f3 Bf7 32. Qa1 Qxa1+ 33. Bxa1
Kf8 34. Kf1 Ke8 35. Ke2 Kd7 36. Kd3 Be8 37. c4 bxc3 38. Bxc3 Bf7 39. Nc4 Ke6
40. Bd2 Be8 41. Kc3 Bb5 42. Kd3 g6 43. Bc3 Ba6 44. Ke3 Bb5 45. Kf2 Ba6 46. Kg3
Bc8 47. Kh4 Be7+ 48. Kh3 Bd6 49. Kg4 h6 50. Bd2 Kf6+ 51. Kh4 Bf8 52. Bc3 Bd6
53. Bd2 Bf8 54. Kg3 Ke6 55. Bc3 Bd6 1/2-1/2

[Event "Capablanca Memorial Elite 39th"]
[Site "Havana"]
[Date "2004.05.11"]
[Round "5"]
[White "Ikonnikov, Vyacheslav"]
[Black "Delgado Ramirez, Neuris"]
[Result "1/2-1/2"]
[WhiteElo "2556"]
[BlackElo "2557"]
[PlyCount "61"]
[EventDate "2004.05.06"]
[EventType "tourn"]
[EventRounds "11"]
[EventCountry "CUB"]
[EventCategory "13"]
[SourceTitle "CBM 101"]
[Source "ChessBase"]
[SourceDate "2004.07.27"]
[SourceVersion "1"]
[SourceVersionDate "2004.07.27"]
[SourceQuality "1"]

1. d4 Nf6 2. c4 e6 3. Nc3 Bb4 4. Qc2 d6 5. Nf3 c5 6. dxc5 dxc5 7. a3 Bxc3+ 8.
Qxc3 Nc6 9. Bg5 Qa5 10. Qxa5 Nxa5 11. Nd2 b6 12. e3 Nc6 13. Be2 Bb7 14. f3 h6
15. Bh4 Ke7 16. O-O-O Rhd8 17. Kc2 Ne5 18. Bg3 Ng6 19. Nb1 Nh5 20. Bf2 f5 21.
Nc3 Nf6 22. Nb5 Bc6 23. Rxd8 Kxd8 24. Bg3 Bxb5 25. cxb5 Ke7 26. Rd1 Nd5 27. Bf2
Ne5 28. b3 g5 29. Bc4 Rd8 30. Re1 Nf6 31. Bg3 1/2-1/2

[Event "Capablanca Memorial Elite 39th"]
[Site "Havana"]
[Date "2004.05.12"]
[Round "6"]
[White "Delgado Ramirez, Neuris"]
[Black "Maiwald, Jens Uwe"]
[Result "1/2-1/2"]
[WhiteElo "2557"]
[BlackElo "2543"]
[PlyCount "64"]
[EventDate "2004.05.06"]
[EventType "tourn"]
[EventRounds "11"]
[EventCountry "CUB"]
[EventCategory "13"]
[SourceTitle "CBM 101"]
[Source "ChessBase"]
[SourceDate "2004.07.27"]
[SourceVersion "1"]
[SourceVersionDate "2004.07.27"]
[SourceQuality "1"]

1. e4 c5 2. Nf3 e6 3. b3 a6 4. Bb2 Nc6 5. g3 d5 6. exd5 exd5 7. Qe2+ Qe7 8. d4
Bg4 9. Nbd2 Nxd4 10. Qxe7+ Nxe7 11. Nxd4 cxd4 12. Be2 Bf5 13. Nf3 Bxc2 14. Nxd4
Be4 15. O-O O-O-O 16. Bc3 Kb8 17. Rac1 Nc8 18. Ba5 Ba3 19. Bc7+ Ka8 20. Bxd8
Bxc1 21. Rxc1 Rxd8 22. f3 Bg6 23. f4 Be4 24. Rc7 Nd6 25. Kf1 Ka7 26. b4 Kb6 27.
Re7 a5 28. a3 axb4 29. axb4 Rf8 30. Rd7 Nc4 31. Kf2 h6 32. Re7 Nd6 1/2-1/2

[Event "Capablanca Memorial Elite 39th"]
[Site "Havana"]
[Date "2004.05.14"]
[Round "7"]
[White "Ramirez, Alejandro"]
[Black "Delgado Ramirez, Neuris"]
[Result "0-1"]
[WhiteElo "2542"]
[BlackElo "2557"]
[PlyCount "38"]
[EventDate "2004.05.06"]
[EventType "tourn"]
[EventRounds "11"]
[EventCountry "CUB"]
[EventCategory "13"]
[SourceTitle "CBM 101"]
[Source "ChessBase"]
[SourceDate "2004.07.27"]
[SourceVersion "1"]
[SourceVersionDate "2004.07.27"]
[SourceQuality "1"]

1. d4 Nf6 2. c4 e6 3. Nc3 Bb4 4. Qc2 O-O 5. Nf3 c5 6. a3 Bxc3+ 7. bxc3 Nc6 8.
e4 d5 9. e5 Ne4 10. Bd3 cxd4 11. cxd5 exd5 12. cxd4 Bg4 13. Bb2 Qa5+ 14. Kf1
Rac8 15. Qe2 f6 16. h3 Bh5 17. g4 Bg6 18. Kg1 fxe5 19. dxe5 Qb6 0-1

[Event "Capablanca Memorial Elite 39th"]
[Site "Havana"]
[Date "2004.05.15"]
[Round "8"]
[White "Delgado Ramirez, Neuris"]
[Black "Gonzalez Vidal, Yuri"]
[Result "1-0"]
[WhiteElo "2557"]
[BlackElo "2481"]
[PlyCount "79"]
[EventDate "2004.05.06"]
[EventType "tourn"]
[EventRounds "11"]
[EventCountry "CUB"]
[EventCategory "13"]
[SourceTitle "CBM 101"]
[Source "ChessBase"]
[SourceDate "2004.07.27"]
[SourceVersion "1"]
[SourceVersionDate "2004.07.27"]
[SourceQuality "1"]

1. e4 c6 2. d4 d5 3. exd5 cxd5 4. c4 Nf6 5. Nc3 Nc6 6. Nf3 Bg4 7. cxd5 Nxd5 8.
Bb5 Rc8 9. h3 Bxf3 10. Qxf3 e6 11. O-O Be7 12. Be3 O-O 13. Nxd5 exd5 14. Rac1
Bf6 15. Bd3 g6 16. Qf4 Bg7 17. Rc5 Qf6 18. Qxf6 Bxf6 19. Rxd5 Rfd8 20. Be4 Rxd5
21. Bxd5 Nxd4 22. Bxb7 Rb8 23. Bd5 Rxb2 24. g4 g5 25. Kh1 a5 26. Bc4 Nc2 27.
Bc1 Rb7 28. f4 gxf4 29. Bxf4 a4 30. Rc1 Nb4 31. a3 Bb2 32. Re1 Bxa3 33. Re8+
Kg7 34. Be5+ Kh6 35. Rg8 Bc1 36. Bf6 Rd7 37. h4 Rd1+ 38. Kg2 Rd2+ 39. Kf3 Rc2
40. Bg5+ 1-0

[Event "Capablanca Memorial Elite 39th"]
[Site "Havana"]
[Date "2004.05.16"]
[Round "9"]
[White "Arencibia Rodriguez, Walter"]
[Black "Delgado Ramirez, Neuris"]
[Result "1/2-1/2"]
[WhiteElo "2505"]
[BlackElo "2557"]
[PlyCount "25"]
[EventDate "2004.05.06"]
[EventType "tourn"]
[EventRounds "11"]
[EventCountry "CUB"]
[EventCategory "13"]
[SourceTitle "CBM 101"]
[Source "ChessBase"]
[SourceDate "2004.07.27"]
[SourceVersion "1"]
[SourceVersionDate "2004.07.27"]
[SourceQuality "1"]

1. Nf3 Nf6 2. g3 b5 3. Bg2 Bb7 4. c3 e6 5. O-O Be7 6. d3 O-O 7. Qb3 a6 8. a4
Bd5 9. Qc2 c5 10. Nbd2 d6 11. axb5 axb5 12. Rxa8 Bxa8 13. e4 1/2-1/2

[Event "Capablanca Memorial Elite 39th"]
[Site "Havana"]
[Date "2004.05.17"]
[Round "10"]
[White "Quesada Perez, Yuniesky"]
[Black "Delgado Ramirez, Neuris"]
[Result "1/2-1/2"]
[WhiteElo "2478"]
[BlackElo "2557"]
[PlyCount "21"]
[EventDate "2004.05.06"]
[EventType "tourn"]
[EventRounds "11"]
[EventCountry "CUB"]
[EventCategory "13"]
[SourceTitle "CBM 101"]
[Source "ChessBase"]
[SourceDate "2004.07.27"]
[SourceVersion "1"]
[SourceVersionDate "2004.07.27"]
[SourceQuality "1"]

1. e4 e5 2. Nf3 Nf6 3. Nxe5 d6 4. Nf3 Nxe4 5. d4 d5 6. Bd3 Be7 7. O-O Nc6 8. c4
Nf6 9. Nc3 O-O 10. h3 Nb4 11. Be2 1/2-1/2

[Event "Capablanca Memorial Elite 39th"]
[Site "Havana"]
[Date "2004.05.19"]
[Round "11"]
[White "Delgado Ramirez, Neuris"]
[Black "Felgaer, Ruben Alejandro"]
[Result "1/2-1/2"]
[WhiteElo "2557"]
[BlackElo "2592"]
[PlyCount "66"]
[EventDate "2004.05.06"]
[EventType "tourn"]
[EventRounds "11"]
[EventCountry "CUB"]
[EventCategory "13"]
[SourceTitle "CBM 101"]
[Source "ChessBase"]
[SourceDate "2004.07.27"]
[SourceVersion "1"]
[SourceVersionDate "2004.07.27"]
[SourceQuality "1"]

1. e4 c5 2. Nf3 Nc6 3. Bb5 e6 4. Bxc6 bxc6 5. d3 Ne7 6. Bd2 f6 7. e5 fxe5 8.
Nxe5 d6 9. Nc4 Ng6 10. h4 d5 11. h5 Nh4 12. Qg4 Nf5 13. Ne3 Qf6 14. Qa4 Bd7 15.
Nc3 Bd6 16. Nxf5 Qxf5 17. O-O-O O-O 18. f3 a5 19. Qh4 a4 20. a3 Rfb8 21. Qg5
Qf8 22. h6 g6 23. Rh4 Be7 24. Qg3 c4 25. Bf4 Rxb2 26. Rg4 Be8 27. Kxb2 Bxa3+
28. Ka2 Qb4 29. Rb1 Qxc3 30. Qe1 Qxe1 31. Rxe1 Bb4 32. Rb1 c5 33. dxc4 dxc4
1/2-1/2

[Event "Guillermo Garcia Memorial-B 12th"]
[Site "Santa Clara"]
[Date "2004.05.21"]
[Round "1"]
[White "Delgado Ramirez, Neuris"]
[Black "Nogueiras Santiago, Jesus"]
[Result "1-0"]
[WhiteElo "2557"]
[BlackElo "2482"]
[PlyCount "101"]
[EventDate "2004.05.21"]
[EventType "tourn"]
[EventRounds "13"]
[EventCountry "CUB"]
[EventCategory "8"]
[SourceTitle "CBM 100 Extra"]
[Source "ChessBase"]
[SourceDate "2004.07.06"]
[SourceVersion "2"]
[SourceVersionDate "2004.07.06"]
[SourceQuality "1"]

1. e4 Nf6 2. e5 Nd5 3. d4 d6 4. Nf3 dxe5 5. Nxe5 c6 6. Nd2 Nd7 7. Nd3 g6 8. Be2
Bg7 9. Nf3 O-O 10. O-O b6 11. Bg5 h6 12. Bd2 e6 13. Qc1 Kh7 14. c4 Ne7 15. Bb4
Bb7 16. Rd1 Re8 17. Qf4 Nf5 18. Nde5 Qb8 19. g4 g5 20. Qd2 Nxe5 21. dxe5 Ne7
22. Bd6 Qc8 23. c5 Ba6 24. h4 Bxe2 25. Qxe2 Ng6 26. hxg5 Rh8 27. Qe4 Kg8 28.
gxh6 Bxh6 29. g5 Bg7 30. Kg2 Qd8 31. Rh1 Rxh1 32. Rxh1 bxc5 33. Rc1 Qb6 34. b3
Bf8 35. Nh4 Qd8 36. Qg4 Bxd6 37. Nxg6 Bc7 38. Rd1 Qe8 39. Nf4 Bxe5 40. Nh5 Qb8
41. Rd7 Qb4 42. Qf3 Rf8 43. Nf6+ Bxf6 44. gxf6 Qh4 45. Kf1 Kh8 46. Rxa7 Qh7 47.
Ra4 Rg8 48. Rg4 Rg6 49. Rxg6 Qxg6 50. Qh3+ Kg8 51. Qg3 1-0

[Event "Guillermo Garcia Memorial-B 12th"]
[Site "Santa Clara"]
[Date "2004.05.22"]
[Round "2"]
[White "Soppe, Guillermo"]
[Black "Delgado Ramirez, Neuris"]
[Result "1/2-1/2"]
[WhiteElo "2421"]
[BlackElo "2557"]
[PlyCount "54"]
[EventDate "2004.05.21"]
[EventType "tourn"]
[EventRounds "13"]
[EventCountry "CUB"]
[EventCategory "8"]
[SourceTitle "CBM 100 Extra"]
[Source "ChessBase"]
[SourceDate "2004.07.06"]
[SourceVersion "2"]
[SourceVersionDate "2004.07.06"]
[SourceQuality "1"]

1. d4 Nf6 2. Nf3 c5 3. e3 g6 4. dxc5 Qa5+ 5. Nbd2 Qxc5 6. a3 Bg7 7. b4 Qc7 8.
Bb2 O-O 9. c4 b6 10. Be2 Bb7 11. O-O d6 12. Qb3 Nbd7 13. Rac1 Rac8 14. Nd4 Qb8
15. Bf3 Bxf3 16. N2xf3 Qb7 17. Rfe1 Rc7 18. e4 Bh6 19. Rcd1 Rfc8 20. h3 a6 21.
a4 a5 22. e5 dxe5 23. Nxe5 axb4 24. Qxb4 Nc5 25. Nb3 Ne6 26. Nd4 Nf4 27. Ndf3
Ne6 1/2-1/2

[Event "Guillermo Garcia Memorial-B 12th"]
[Site "Santa Clara"]
[Date "2004.05.23"]
[Round "3"]
[White "Delgado Ramirez, Neuris"]
[Black "Gonzalez Vidal, Yuri"]
[Result "1/2-1/2"]
[WhiteElo "2557"]
[BlackElo "2481"]
[PlyCount "38"]
[EventDate "2004.05.21"]
[EventType "tourn"]
[EventRounds "13"]
[EventCountry "CUB"]
[EventCategory "8"]
[SourceTitle "CBM 100 Extra"]
[Source "ChessBase"]
[SourceDate "2004.07.06"]
[SourceVersion "2"]
[SourceVersionDate "2004.07.06"]
[SourceQuality "1"]

1. e4 e5 2. Nf3 Nc6 3. Bb5 a6 4. Ba4 Nf6 5. O-O Be7 6. Bxc6 dxc6 7. Qe2 c5 8.
d3 Nd7 9. Nbd2 O-O 10. Nc4 Bd6 11. Bd2 Re8 12. Rab1 Nb8 13. Be3 Nc6 14. Nfd2
Be6 15. Nxd6 Qxd6 16. f4 Nd4 17. Qd1 exf4 18. Bxf4 Qd7 19. Nb3 b6 1/2-1/2

[Event "Guillermo Garcia Memorial-B 12th"]
[Site "Santa Clara"]
[Date "2004.05.24"]
[Round "4"]
[White "Perez Garcia, Rodney Oscar"]
[Black "Delgado Ramirez, Neuris"]
[Result "1/2-1/2"]
[WhiteElo "2451"]
[BlackElo "2557"]
[PlyCount "37"]
[EventDate "2004.05.21"]
[EventType "tourn"]
[EventRounds "13"]
[EventCountry "CUB"]
[EventCategory "8"]
[SourceTitle "CBM 100 Extra"]
[Source "ChessBase"]
[SourceDate "2004.07.06"]
[SourceVersion "2"]
[SourceVersionDate "2004.07.06"]
[SourceQuality "1"]

1. e4 e5 2. Nf3 Nf6 3. Nxe5 d6 4. Nf3 Nxe4 5. Qe2 Qe7 6. d3 Nf6 7. Bg5 Qxe2+ 8.
Bxe2 Be7 9. Nc3 c6 10. O-O-O Na6 11. Rhe1 O-O 12. d4 Nc7 13. Bd3 Bd8 14. h3 h6
15. Bh4 Be6 16. Bg3 Be7 17. Bh4 Bd8 18. Bg3 Be7 19. Bh4 1/2-1/2

[Event "Guillermo Garcia Memorial-B 12th"]
[Site "Santa Clara"]
[Date "2004.05.25"]
[Round "5"]
[White "Delgado Ramirez, Neuris"]
[Black "De la Paz Perdomo, Frank"]
[Result "0-1"]
[WhiteElo "2557"]
[BlackElo "2449"]
[PlyCount "50"]
[EventDate "2004.05.21"]
[EventType "tourn"]
[EventRounds "13"]
[EventCountry "CUB"]
[EventCategory "8"]
[SourceTitle "CBM 100 Extra"]
[Source "ChessBase"]
[SourceDate "2004.07.06"]
[SourceVersion "2"]
[SourceVersionDate "2004.07.06"]
[SourceQuality "1"]

1. Nf3 Nf6 2. g3 g6 3. Bg2 Bg7 4. O-O O-O 5. d4 d6 6. Nc3 Nbd7 7. e4 e5 8. h3
c6 9. Bg5 Qb6 10. dxe5 dxe5 11. Qc1 Re8 12. Rd1 Nf8 13. Be3 Qa5 14. Nd2 Ne6 15.
Nc4 Qc7 16. b4 Nd4 17. Nxe5 Nb5 18. Nxb5 cxb5 19. Nd3 Nxe4 20. Bf4 Qc4 21. Re1
Bf5 22. g4 Bd7 23. Ne5 Bxe5 24. Rxe4 Bxf4 25. Rxc4 Bxc1 0-1

[Event "Guillermo Garcia Memorial-B 12th"]
[Site "Santa Clara"]
[Date "2004.05.26"]
[Round "6"]
[White "Abreu Delgado, Aryam"]
[Black "Delgado Ramirez, Neuris"]
[Result "1/2-1/2"]
[WhiteElo "2459"]
[BlackElo "2557"]
[PlyCount "30"]
[EventDate "2004.05.21"]
[EventType "tourn"]
[EventRounds "13"]
[EventCountry "CUB"]
[EventCategory "8"]
[SourceTitle "CBM 100 Extra"]
[Source "ChessBase"]
[SourceDate "2004.07.06"]
[SourceVersion "2"]
[SourceVersionDate "2004.07.06"]
[SourceQuality "1"]

1. d4 Nf6 2. c4 e6 3. Nf3 Bb4+ 4. Nbd2 b6 5. a3 Bxd2+ 6. Bxd2 h6 7. g3 O-O 8.
Bg2 Bb7 9. O-O d6 10. b4 Nbd7 11. Qc2 Be4 12. Qb2 c6 13. Rfd1 Qe7 14. Rac1 a5
15. Ra1 Ra7 1/2-1/2